000 00669cam a2200217 a 4500
001 3467279
005 20250220185509.0
008 930507s1994 ilua b 001 0 eng
020 _a0256123268
020 _a9780256123265
050 0 0 _aHD30.22
_b.B38 1994
082 0 0 _a338.5/024658
_220
100 1 _aBaye, Michael R.,
_d1958-
245 1 0 _aManagerial economics and business strategy /
_cMichael R. Baye, Richard O. Beil.
260 _aBurr Ridge, Ill. :
_bIrwin,
_cc1994.
300 _axviii, 538 p. :
_bill. (some col.) ;
_c24 cm.
440 0 _aIrwin series in economics
650 0 _aManagerial economics.
700 1 _aBeil, Richard O.
942 _2lcc
_cBK
_n0
999 _c3995
_d3995